Pokemon Click Quiz - Fire - Statistics

General Stats
  • This quiz has been taken 85 times
    81 since last reset
  • The average score is 14 of 17
Answer Stats
Hint Answer % Correct
Dark Houndour
88%
Flying Charizard
87%
Ice Darmanitan (Galarian Zen Mode)
85%
None/Single Type Arcanine
83%
Fighting Pignite
83%
Poison Salazzle
83%
Bug Volcarona
83%
Steel Heatran
81%
Ghost Litwick
81%
Electric Rotom (Heat)
81%
Water Volcanion
81%
Rock Carkol
79%
Psychic Delphox
77%
Grass Scovillain
77%
Ground Numel
73%
Dragon Turtonator
73%
Normal Pyroar
71%
No matching quizzes found
Score Distribution
Percent of People with Each Score
Percentile by Number Answered
Your Score History
You have not taken this quiz since the last reset